| 000 | 00545nam a22001817a 4500 | ||
|---|---|---|---|
| 008 | 230209b |||||||| |||| 00| 0 eng d | ||
| 020 | _a978-0830838769 | ||
| 050 |
_aBL51 _b.E86 2009 |
||
| 100 | _aEvans, C. Stephen | ||
| 245 |
_aPhilosophy of religion : _bThinking about faith/ _cC. Stephen Evans & R. Zachary Manis |
||
| 250 | _a2nd ed. | ||
| 260 |
_aDwners Grove, Illinois _bIVP Academic _c2009 |
||
| 300 | _a234p. | ||
| 650 |
_aReligion _vPhilosophy |
||
| 650 | _aPhilosophical theology | ||
| 700 | _aManis, R. Zachary | ||
| 942 |
_2lcc _cBK |
||
| 999 |
_c19976 _d19975 |
||